000 00948nam a2200241Ia 4500
003 OSt
005 20220923220327.0
006 a|||||r|||| 00| 0
007 ta
008 220922b |||||||| |||| 00| 0 hin d
024 _a185,986
037 _cTextual
040 _aARTS
_cARTS
_bhin
041 _2hin
_ahin
082 _aY2.2, 152L3
100 _aकर्वे, इरावती; द्विवेदी, राजेन्द्र, अनु.
_9164102
245 0 _aभारत में बंधुत्व संगठन
246 _aBhārat mean bandhutva sangaṭhana
260 _aदिल्ली
_b हरियाणा हिन्दी अकादमी
_c1973
650 _aभारतीय-लोक साहित्य
942 _hY2.2, 152L3
_cTEXL
_2CC
999 _c339231
_d339231